000 004750000a22001810004500
003 MACL
005 20151220133958.0
008 151220b xxu||||| |||| 00| 0 eng d
040 _aMACL
_cMACL
041 _aEnglish
082 _a745.592/JON
100 _aJones, Julia
_921623
245 _aClassic Bears
_bHow to Make 14 Heirloom Bears
260 _bBrockhampton Press
_c1999
_aLondon
350 _a1430
650 _aDecorative Arts
_97454
942 _cBK
_k745.592/JON
_2ddc
999 _c40241
_d40241